| 000 | 00621nam a2200169 i 4500 | ||
|---|---|---|---|
| 001 | 45149 | ||
| 003 | ES-MaACL | ||
| 005 | 20230906161150.0 | ||
| 007 | t| | ||
| 008 | 030325s1884 sp ||||1| spa d | ||
| 110 | 2 |
_aCírculo de la Unión Mercantil (Madrid) _9134324 |
|
| 245 | 1 | 0 |
_aReseña del banquete celebrado en el Teatro de la Alhambra el día 14 de enero de 1884 con motivo de los tratados de Comercio / _cCírculo de la Unión Mercantíl de Madrid. |
| 260 |
_aMadrid : _b[s.n.], _c1884 ( _fImp. de E. de la Riva) |
||
| 300 |
_a67 p. ; _c22 cm. |
||
| 852 |
_aES-MaACL _jFol-Laf-282 |
||
| 852 |
_aES-MaACL _jT-350-F-3 |
||
| 999 |
_c45149 _d45149 |
||